00684nam a2200133 a 450000100100000000500170001000800410002704000250006808200160009311000820010924502500019126000780044130000310051900003233220200930065603.0110714s1940 dr c 000 0 spa d aDO-SdBNPbspacBNPHU axxxxbR426m1 aRepública Dominicana.bConsejo Administrativo del Distrito de Santo Domingo10aMemoria que presenta el señor secretario de Estado de la Interior y Policia y al Consejo Administrativo del Distrito de Santo Domingo su presidente el señor Don Virgilio Alvarez Pina, relativa a la labores relizadas durante el año de 1939. aCiudad Trujillo, República Dominicana :bConsejo Administrativo,c1940. a485 p. :bretrs. ;c27 cm.